Try Everything - Shakira (All lyrics) - Statistics

General Stats
  • This quiz has been taken 20 times
  • The average score is 192 of 288
Answer Stats
Lyrics % Correct
a
94%
I
94%
(Oh,
88%
oh,
88%
oh)
88%
try
88%
Try
88%
everything
81%
Everything
81%
get
81%
I'll
81%
just
81%
up
81%
up,
81%
again
75%
don't
75%
Don't
75%
down,
75%
down
75%
fall
75%
no,
75%
No,
75%
no
75%
start
75%
the
75%
won't
75%
and
69%
Birds
69%
give
69%
to
69%
end,
63%
fly,
63%
in
63%
keep
63%
they
63%
'Til
63%
come,
56%
come
56%
could
56%
last,
56%
lost
56%
Lost
56%
reach
56%
you
56%
your
56%
another
50%
but
50%
fail
50%
fight
50%
how
50%
Look
50%
love
50%
on
50%
so
50%
then
50%
tonight,
50%
we
50%
with
50%
you've
50%
beat
44%
even
44%
far
44%
gettin'
44%
it
44%
messed
44%
Nobody
44%
see
44%
them
44%
though
44%
wanna
44%
wrong
44%
everyday
38%
falling
38%
ground
38%
heart
38%
hitting
38%
leave,
38%
making
38%
mistakes
38%
new
38%
next
38%
those
38%
Those
38%
what's
38%
without
38%
yourself
38%
our
31%
Sometimes
31%
always
25%
best
25%
did
25%
filled
25%
learns
25%
need
25%
run
25%
Baby,
19%
breath
19%
done
19%
enough,
19%
myself,
19%
take
19%
deep
13%
fast
13%
now
13%
No matching quizzes found
Score Distribution
Percent of People with Each Score
Percentile by Number Answered
Your Score History
You have not taken this quiz